MARC

LEADER 00000nam0a2200000 4500
001 182150
005 20231101223653.0
035 |a (RuTPU)RU\TPU\book\197433 
090 |a 182150 
100 |a 20100617d1974 m y0rusy50 ca 
101 1 |a rus  |c eng 
102 |a RU 
105 |a a z 000ay 
200 1 |a Робинзон Крузо  |a История полковника Джека  |f Д. Дефо  |g авт. предисл. М. Урнов ; авт. предисл. Д. Урнова ; худож. Н. Попов 
210 |a Москва  |c Художественная литература  |d 1974 
215 |a 528 с., портр.  |c цв. ил. 
225 1 |a Библиотека всемирной литературы  |v Т. 52 
225 1 |a Серия первая. Литература Древнего Востока, Античного мира, Средних веков, Возрождения, XVII и XVIII вв. 
320 |a Примечания: с. 505-526 
610 1 |a английская литература 
610 1 |a зарубежная классика 
610 1 |a приключения 
610 1 |a путешествия 
610 1 |a романы 
675 |a 82  |v 3 
700 1 |a Дефо  |b Д.  |c английский писатель  |f 1660-1731  |g Даниель  |2 stltpush  |3 (RuTPU)RU\TPU\pers\9276  |9 1831 
702 1 |a Урнов  |b М.  |4 080 
702 1 |a Урнова  |b Д.  |4 080 
702 1 |a Попов  |b Н.  |4 440 
801 1 |a RU  |b 63413507  |c 20100617 
942 |c BK